000 00517nam a22001817a 4500
003 OSt
005 20251205073530.0
008 251205b |||||||| |||| 00| 0 eng d
020 _a971-118-122-3.
040 _aDWCL-Main lib.
_cOC
082 _aFil. 920 F333 1992
100 _aFeng, Zhen Yan
245 _aReminiscences/
_cZhen Yan Feng
260 _aManila :
_b De La Salle University Press,
_cc1992.
300 _a119 p. ;
_c23 cm.
650 _aZhen Yan Feng-Biography.
942 _2ddc
_cBK - FIL
_hFil.
_n0
999 _c6955
_d6955